[Event "RF-2017-0-00369"]
[Site "LSS email"]
[Date "2017.03.07"]
[Round "?"]
[White "Barros Uriburu, Nicolas"]
[Black "Chura, Michal"]
[Result "0-1"]
[WhiteElo "1063"]
[BlackElo "1166"]
[PlyCount "30"]
[EventDate "2017.02.12"]
[EventType "tourn (corr)"]
[EventRounds "6"]
[EventCountry "GER"]
[SourceTitle "Corr 2022"]
[Source "ChessBase"]
[SourceDate "2021.10.24"]
[SourceVersion "1"]
[SourceVersionDate "2021.10.24"]
[SourceQuality "1"]

1. e4 c5 2. Nf3 Nc6 3. c3 g6 4. Bb5 Bg7 5. 0-0 e6 6. d4 cxd4 7. cxd4 Nge7 8. Nc3 0-0 9. Be3 b6 10. a3 Bb7 11. Rc1 Rc8 12. Qd2 d5 13. e5 Nf5 14. Bg5 Nfe7 15. Nh4 f6 0-1

[Event "OP-2017-0-04288"]
[Site "LSS email"]
[Date "2017.02.24"]
[Round "?"]
[White "Buecker, Juergen"]
[Black "Barros Uriburu, Nicolas"]
[Result "1-0"]
[WhiteElo "2452"]
[BlackElo "1070"]
[PlyCount "45"]
[EventDate "2017.02.17"]
[EventType "tourn (corr)"]
[EventRounds "4"]
[EventCountry "GER"]
[SourceTitle "Corr 2022"]
[Source "ChessBase"]
[SourceDate "2021.10.24"]
[SourceVersion "1"]
[SourceVersionDate "2021.10.24"]
[SourceQuality "1"]

1. e4 e5 2. Nf3 Nc6 3. Bb5 Nf6 4. 0-0 a6 5. Bxc6 bxc6 6. d4 Be7 7. Nc3 exd4 8. Nxd4 0-0 9. e5 Nd5 10. Nxd5 cxd5 11. Nf5 d6 12. Nxe7+ Qxe7 13. Qxd5 Be6 14. exd6 cxd6 15. Qd3 Rfc8 16. Rd1 d5 17. Be3 Qb4 18. Bd4 Rc4 19. c3 Qxb2 20. Qg3 Rxd4 21. cxd4 h6 22. Qd3 Qb5 23. Rac1 1-0

[Event "RN-2017-0-01260"]
[Site "LSS email"]
[Date "2017.02.23"]
[Round "?"]
[White "Neumann, Otto"]
[Black "Barros Uriburu, Nicolas"]
[Result "1-0"]
[WhiteElo "939"]
[BlackElo "1063"]
[PlyCount "35"]
[EventDate "2017.02.13"]
[EventType "tourn (corr)"]
[EventRounds "6"]
[EventCountry "GER"]
[SourceTitle "Corr 2022"]
[Source "ChessBase"]
[SourceDate "2021.10.24"]
[SourceVersion "1"]
[SourceVersionDate "2021.10.24"]
[SourceQuality "1"]

1. d4 d6 2. c4 Nf6 3. Nc3 g6 4. Bg5 Bg7 5. Nf3 0-0 6. e4 Nc6 7. Bd3 e5 8. d5 Ne7 9. h3 h6 10. Bh4 g5 11. Bg3 Ng6 12. 0-0 Ne8 13. Qc2 h5 14. Bh2 g4 15. hxg4 hxg4 16. Nd2 Nf4 17. Ne2 Nxd3 18. Qxd3 1-0

[Event "RF-2016-0-00353"]
[Site "LSS email"]
[Date "2016.12.17"]
[Round "?"]
[White "Barros Uriburu, Nicolas"]
[Black "Bieszk, Stanislaw"]
[Result "0-1"]
[WhiteElo "1068"]
[BlackElo "1239"]
[PlyCount "44"]
[EventDate "2016.11.28"]
[EventType "tourn (corr)"]
[EventRounds "6"]
[EventCountry "GER"]
[SourceTitle "Corr 2022"]
[Source "ChessBase"]
[SourceDate "2021.10.24"]
[SourceVersion "1"]
[SourceVersionDate "2021.10.24"]
[SourceQuality "1"]

1. e4 c5 2. Nf3 d6 3. d4 cxd4 4. Nxd4 Nf6 5. Nc3 a6 6. Bg5 e6 7. f4 Nbd7 8. Bc4 Qb6 9. Bb3 Be7 10. Qd2 Nc5 11. Bxf6 Bxf6 12. Na4 Qd8 13. Nxc5 dxc5 14. Nf3 Qxd2+ 15. Nxd2 Bxb2 16. Rb1 Bc3 17. Ke2 b5 18. a4 Bb7 19. axb5 axb5 20. Bxe6 fxe6 21. Rxb5 Ba6 22. Rhb1 Rb8 0-1

[Event "RN-2016-0-01229"]
[Site "LSS email"]
[Date "2016.12.13"]
[Round "?"]
[White "Barros Uriburu, Nicolas"]
[Black "Bester, Kazimierz"]
[Result "1-0"]
[WhiteElo "1068"]
[BlackElo "723"]
[PlyCount "35"]
[EventDate "2016.12.07"]
[EventType "tourn (corr)"]
[EventRounds "6"]
[EventCountry "GER"]
[SourceTitle "Corr 2022"]
[Source "ChessBase"]
[SourceDate "2021.10.24"]
[SourceVersion "1"]
[SourceVersionDate "2021.10.24"]
[SourceQuality "1"]

1. e4 d5 2. exd5 Qxd5 3. Nc3 Qa5 4. Bc4 Nf6 5. Nf3 Bg4 6. h3 Bxf3 7. Qxf3 Nc6 8. 0-0 e6 9. d3 0-0-0 10. Bf4 Nd4 11. Qd1 Qf5 12. Bg3 h5 13. Ne2 Nxe2+ 14. Qxe2 h4 15. Be5 Rg8 16. d4 Ne4 17. Bd3 Ng3 18. fxg3 1-0

[Event "RN-2016-0-01229"]
[Site "LSS email"]
[Date "2016.12.13"]
[Round "?"]
[White "Barros Uriburu, Nicolas"]
[Black "Hickl, Sammy"]
[Result "1-0"]
[WhiteElo "1068"]
[BlackElo "2050"]
[PlyCount "29"]
[EventDate "2016.12.07"]
[EventType "tourn (corr)"]
[EventRounds "6"]
[EventCountry "GER"]
[SourceTitle "Corr 2022"]
[Source "ChessBase"]
[SourceDate "2021.10.24"]
[SourceVersion "1"]
[SourceVersionDate "2021.10.24"]
[SourceQuality "1"]

1. e4 e6 2. Nc3 d5 3. d4 Nf6 4. e5 Nfd7 5. f4 c5 6. Nf3 Nc6 7. Bb5 a6 8. Bxc6 bxc6 9. 0-0 cxd4 10. Nxd4 c5 11. Nb3 Be7 12. Na4 0-0 13. Be3 c4 14. Nd4 f6 15. Nxe6 1-0

[Event "RN-2016-0-01228"]
[Site "LSS email"]
[Date "2016.12.13"]
[Round "?"]
[White "Barros Uriburu, Nicolas"]
[Black "Lenz, Juergen"]
[Result "0-1"]
[WhiteElo "1068"]
[BlackElo "1012"]
[PlyCount "102"]
[EventDate "2016.12.04"]
[EventType "tourn (corr)"]
[EventRounds "6"]
[EventCountry "GER"]
[SourceTitle "Corr 2022"]
[Source "ChessBase"]
[SourceDate "2021.10.24"]
[SourceVersion "1"]
[SourceVersionDate "2021.10.24"]
[SourceQuality "1"]

1. e4 Nf6 2. d3 d5 3. e5 Nfd7 4. f4 e6 5. Nf3 c5 6. Nc3 Nc6 7. Be2 Rb8 8. a4 Be7 9. 0-0 a6 10. Qe1 0-0 11. Qg3 f5 12. h4 Nd4 13. Bd1 b5 14. Nxd4 cxd4 15. Ne2 Qb6 16. h5 Kh8 17. axb5 axb5 18. b3 Bb4 19. Ba3 Ra8 20. Bxb4 Rxa1 21. h6 Rf7 22. Qh4 g6 23. Ng3 Bb7 24. Nh5 Nc5 25. Bxc5 Qxc5 26. Qd8+ Qf8 27. Qxf8+ Rxf8 28. Ng7 Bc8 29. g4 Bd7 30. gxf5 gxf5 31. Kf2 Rfa8 32. Nh5 Be8 33. Nf6 Bg6 34. Rg1 R8a2 35. Ke2 Rc1 36. Kd2 Raa1 37. Nd7 Bh5 38. c4 Rxd1+ 39. Rxd1 Rxd1+ 40. Kc2 dxc4 41. bxc4 bxc4 42. dxc4 d3+ 43. Kc3 d2 44. c5 Bf3 45. Nf8 Bd5 46. c6 Rh1 47. Kxd2 Bxc6 48. Nxe6 Rxh6 49. Nd4 Be4 50. e6 Rh2+ 51. Ke3 Kg7 0-1

[Event "RN-2016-0-01229"]
[Site "LSS email"]
[Date "2016.12.13"]
[Round "?"]
[White "Barros Uriburu, Nicolas"]
[Black "Lombardi, Donato"]
[Result "1-0"]
[WhiteElo "1068"]
[BlackElo "888"]
[PlyCount "87"]
[EventDate "2016.12.07"]
[EventType "tourn (corr)"]
[EventRounds "6"]
[EventCountry "GER"]
[SourceTitle "Corr 2022"]
[Source "ChessBase"]
[SourceDate "2021.10.24"]
[SourceVersion "1"]
[SourceVersionDate "2021.10.24"]
[SourceQuality "1"]

1. e4 e6 2. Nc3 d5 3. exd5 exd5 4. d4 Nf6 5. Bg5 Be7 6. Bd3 c6 7. Nf3 0-0 8. 0-0 Bg4 9. h3 Bh5 10. Bxf6 Bxf6 11. g4 Bg6 12. Ne2 Bxd3 13. Qxd3 Nd7 14. Ng3 Nb6 15. b3 Qd6 16. Nf5 Qf4 17. c3 Rfe8 18. Rae1 g6 19. Ng3 a5 20. a4 Nd7 21. Kg2 c5 22. Qb5 Rxe1 23. Rxe1 Nf8 24. Qxb7 Rb8 25. Qxd5 cxd4 26. Re4 Qc7 27. g5 Bg7 28. Nxd4 Rd8 29. Qc4 Qxc4 30. bxc4 Rc8 31. Nb5 Ne6 32. f4 Nc5 33. Re7 Nxa4 34. Nd6 Rc6 35. Nxf7 Rxc4 36. Ra7 Nxc3 37. Nd6 Rxf4 38. Ne8 Rf2+ 39. Kxf2 Bd4+ 40. Ke1 a4 41. Nf6+ Kf8 42. Nxh7+ Kg8 43. Nf6+ Kh8 44. Rh7# 1-0

[Event "RN-2016-0-01230"]
[Site "LSS email"]
[Date "2016.12.13"]
[Round "?"]
[White "Bester, Kazimierz"]
[Black "Barros Uriburu, Nicolas"]
[Result "0-1"]
[WhiteElo "671"]
[BlackElo "1068"]
[PlyCount "89"]
[EventDate "2016.12.09"]
[EventType "tourn (corr)"]
[EventRounds "6"]
[EventCountry "GER"]
[SourceTitle "Corr 2022"]
[Source "ChessBase"]
[SourceDate "2021.10.24"]
[SourceVersion "1"]
[SourceVersionDate "2021.10.24"]
[SourceQuality "1"]

1. f4 d6 2. Nf3 Nf6 3. e3 g6 4. Be2 Bg7 5. 0-0 Nc6 6. c3 e5 7. fxe5 dxe5 8. d4 e4 9. Ne1 a6 10. Na3 0-0 11. Nc4 b5 12. Na3 b4 13. Nac2 a5 14. c4 Ne7 15. d5 Nf5 16. Nd4 Nxd4 17. exd4 Ne8 18. Nc2 Bb7 19. Be3 c6 20. dxc6 Bxc6 21. Rb1 Rc8 22. d5 Ba8 23. b3 Nd6 24. Bf4 Nf5 25. Bg4 a4 26. Bxf5 gxf5 27. Nxb4 axb3 28. Rxb3 Rxc4 29. Kh1 Rd4 30. Qe2 Bxd5 31. Rb2 Be6 32. Be3 Bc4 33. Qe1 Bxf1 34. Bxd4 Qxd4 35. Rf2 Bc4 36. Nc2 Qc5 37. a3 Rd8 38. Nb4 Rd6 39. Rc2 Qd4 40. h4 e3 41. Rc1 e2 42. Rxc4 Qa1 43. Rc8+ Bf8 44. Qxa1 Rd1+ 45. Kh2 0-1

[Event "RF-2016-0-00344"]
[Site "LSS email"]
[Date "2016.10.19"]
[Round "?"]
[White "Slavin, Pablo"]
[Black "Barros Uriburu, Nicolas"]
[Result "1-0"]
[WhiteElo "1239"]
[BlackElo "1204"]
[PlyCount "69"]
[EventDate "2016.10.07"]
[EventType "tourn (corr)"]
[EventRounds "6"]
[EventCountry "GER"]
[SourceTitle "Corr 2022"]
[Source "ChessBase"]
[SourceDate "2021.10.24"]
[SourceVersion "1"]
[SourceVersionDate "2021.10.24"]
[SourceQuality "1"]

1. e4 c5 2. Nf3 Nc6 3. Bb5 Nd4 4. Nxd4 cxd4 5. 0-0 e5 6. c3 a6 7. Bc4 Nf6 8. Qf3 Be7 9. cxd4 b5 10. Bb3 Bb7 11. d5 d6 12. Nc3 Rc8 13. a3 0-0 14. d3 Nd7 15. Qg3 f5 16. f4 Bf6 17. exf5 Nc5 18. Bc2 Qd7 19. Ne4 Bxd5 20. Nxf6+ Rxf6 21. fxe5 dxe5 22. Bg5 Rxf5 23. Rxf5 Qxf5 24. Rf1 Qe6 25. Bf6 g6 26. Bxe5 Nd7 27. Bc3 b4 28. axb4 Rf8 29. Rxf8+ Nxf8 30. Qg5 Qf7 31. Qe5 Qd7 32. Ba4 Qb7 33. Qh8+ Kf7 34. Qg7+ Ke6 35. Qf6# 1-0

[Event "RF-2016-0-00343"]
[Site "LSS email"]
[Date "2016.10.16"]
[Round "?"]
[White "Lauer, Frederic"]
[Black "Barros Uriburu, Nicolas"]
[Result "1-0"]
[WhiteElo "1158"]
[BlackElo "1227"]
[PlyCount "29"]
[EventDate "2016.10.01"]
[EventType "tourn (corr)"]
[EventRounds "6"]
[EventCountry "GER"]
[SourceTitle "Corr 2022"]
[Source "ChessBase"]
[SourceDate "2021.10.24"]
[SourceVersion "1"]
[SourceVersionDate "2021.10.24"]
[SourceQuality "1"]

1. e4 c5 2. Nf3 Nc6 3. c3 e6 4. d4 cxd4 5. cxd4 Nf6 6. d5 exd5 7. exd5 Nb4 8. d6 Bxd6 9. Qxd6 Nc2+ 10. Kd1 Nxa1 11. Bc4 Qb6 12. Re1+ Kd8 13. Qe7+ Kc7 14. Bf4+ Kc6 15. Qd6# 1-0

[Event "RF-2016-0-00342"]
[Site "LSS email"]
[Date "2016.10.11"]
[Round "?"]
[White "Barros Uriburu, Nicolas"]
[Black "Kuttner, Jaromir"]
[Result "1-0"]
[WhiteElo "1240"]
[BlackElo "760"]
[PlyCount "39"]
[EventDate "2016.09.25"]
[EventType "tourn (corr)"]
[EventRounds "6"]
[EventCountry "GER"]
[SourceTitle "Corr 2022"]
[Source "ChessBase"]
[SourceDate "2021.10.24"]
[SourceVersion "1"]
[SourceVersionDate "2021.10.24"]
[SourceQuality "1"]

1. e4 c5 2. Nf3 Nc6 3. g3 d5 4. exd5 Qxd5 5. Bg2 Bg4 6. Nc3 Qh5 7. h3 Bxf3 8. Qxf3 Qxf3 9. Bxf3 Rc8 10. 0-0 e6 11. d3 Nf6 12. Bg5 Be7 13. Rae1 0-0 14. Ne4 Nd4 15. Bd1 Nxe4 16. Bxe7 Rfe8 17. Rxe4 Rxe7 18. c3 e5 19. cxd4 cxd4 20. Bb3 1-0

[Event "RF-2016-0-00341"]
[Site "LSS email"]
[Date "2016.10.10"]
[Round "?"]
[White "Plummer, Martin"]
[Black "Barros Uriburu, Nicolas"]
[Result "1-0"]
[WhiteElo "1137"]
[BlackElo "1174"]
[PlyCount "97"]
[EventDate "2016.09.18"]
[EventType "tourn (corr)"]
[EventRounds "6"]
[EventCountry "GER"]
[SourceTitle "Corr 2022"]
[Source "ChessBase"]
[SourceDate "2021.10.24"]
[SourceVersion "1"]
[SourceVersionDate "2021.10.24"]
[SourceQuality "1"]

1. e4 d6 2. d4 Nf6 3. Nc3 g6 4. Nf3 Bg7 5. h3 0-0 6. Bc4 a6 7. 0-0 Nbd7 8. e5 dxe5 9. dxe5 Ne8 10. e6 fxe6 11. Bxe6+ Kh8 12. Ng5 Nd6 13. Nce4 Nc5 14. Nxc5 b6 15. Nd3 Bb7 16. Qe2 c5 17. Ne5 Qc7 18. Nef7+ Nxf7 19. Nxf7+ Rxf7 20. Bxf7 Qc6 21. f3 e5 22. a3 Rf8 23. Bc4 e4 24. Qxe4 Bd4+ 25. Be3 Qxe4 26. fxe4 Bxe3+ 27. Kh1 Re8 28. Bd5 Bc8 29. c3 g5 30. Rf6 b5 31. Raf1 Bf4 32. h4 Kg7 33. hxg5 Bxg5 34. Rf7+ Kg6 35. Ra7 Re5 36. Rf8 Bg4 37. Rxa6+ Kh5 38. g3 Be2 39. Rf2 Bd3 40. Re6 Bxe4+ 41. Bxe4 Rxe6 42. Bxh7 Rh6 43. Bf5 Rf6 44. Rh2+ Bh4 45. Rxh4+ Kg5 46. Bd3 c4 47. Bxc4 bxc4 48. Rxc4 Rf2 49. Rb4 1-0

[Event "RF-2016-0-00342"]
[Site "LSS email"]
[Date "2016.10.10"]
[Round "?"]
[White "Shim Ng Min, Francis"]
[Black "Barros Uriburu, Nicolas"]
[Result "0-1"]
[WhiteElo "1183"]
[BlackElo "1240"]
[PlyCount "80"]
[EventDate "2016.09.25"]
[EventType "tourn (corr)"]
[EventRounds "6"]
[EventCountry "GER"]
[SourceTitle "Corr 2022"]
[Source "ChessBase"]
[SourceDate "2021.10.24"]
[SourceVersion "1"]
[SourceVersionDate "2021.10.24"]
[SourceQuality "1"]

1. e4 d6 2. d4 Nf6 3. Nc3 g6 4. f4 Bg7 5. Nf3 0-0 6. Bd3 Nbd7 7. 0-0 e5 8. fxe5 dxe5 9. d5 c6 10. dxc6 bxc6 11. Kh1 Nc5 12. Bg5 Nxd3 13. Qxd3 Qxd3 14. cxd3 Ba6 15. Nxe5 Nxe4 16. Nxe4 Bxe5 17. Nc5 Bc8 18. Bf6 Bxf6 19. Rxf6 Rb8 20. b3 Rb5 21. Rxc6 Kg7 22. h3 Re8 23. Ne4 Rd5 24. Nd6 Re6 25. Nxc8 Rxc6 26. Ne7 Rcd6 27. Nxd5 Rxd5 28. Rd1 Kf6 29. Kg1 Ke5 30. Kf2 Kd4 31. Rc1 Kxd3 32. Rd1+ Ke4 33. Rxd5 Kxd5 34. Ke3 f5 35. g4 fxg4 36. hxg4 h6 37. Kf4 Kd4 38. Kf3 h5 39. gxh5 gxh5 40. Kg3 Kc3 0-1

[Event "RF-2016-0-00339"]
[Site "LSS email"]
[Date "2016.09.28"]
[Round "?"]
[White "Barros Uriburu, Nicolas"]
[Black "Shim Ng Min, Francis"]
[Result "1/2-1/2"]
[WhiteElo "1150"]
[BlackElo "1226"]
[PlyCount "122"]
[EventDate "2016.09.13"]
[EventType "tourn (corr)"]
[EventRounds "6"]
[EventCountry "GER"]
[SourceTitle "Corr 2022"]
[Source "ChessBase"]
[SourceDate "2021.10.24"]
[SourceVersion "1"]
[SourceVersionDate "2021.10.24"]
[SourceQuality "1"]

1. e4 e5 2. f4 Bc5 3. Nf3 d6 4. c3 Nf6 5. d4 exd4 6. cxd4 Bb4+ 7. Bd2 Bxd2+ 8. Nbxd2 0-0 9. Bd3 Bg4 10. 0-0 Nc6 11. Nb3 Re8 12. h3 Bxf3 13. Qxf3 Nb4 14. Bb1 c5 15. e5 Nd7 16. dxc5 Nxc5 17. Nxc5 Qb6 18. Kh2 dxc5 19. a3 Nc6 20. Qe4 g6 21. Bd3 Rad8 22. Rad1 Rd4 23. Qe2 Red8 24. e6 fxe6 25. Qxe6+ Kg7 26. Qe2 Qc7 27. g3 Qd7 28. Bc2 Rd2 29. Rxd2 Qxd2 30. Rf2 Qxe2 31. Rxe2 Nd4 32. Rf2 Nxc2 33. Rxc2 b6 34. Kg2 Kf6 35. Kf2 Rd7 36. Ke3 Ke6 37. g4 Rd4 38. b4 Rd5 39. h4 h6 40. bxc5 Rxc5 41. Rxc5 bxc5 42. Kd3 Kd5 43. a4 c4+ 44. Kc3 Ke4 45. f5 gxf5 46. g5 hxg5 47. hxg5 Ke5 48. Kxc4 f4 49. Kd3 Kf5 50. g6 Kxg6 51. Ke4 Kg5 52. Kf3 Kf5 53. a5 a6 54. Kf2 Ke4 55. Ke2 f3+ 56. Kf2 Kf4 57. Kf1 Ke3 58. Ke1 Kd3 59. Kf2 Kc3 60. Kxf3 Kb4 61. Ke2 Kxa5 1/2-1/2

[Event "CP-2016-P-00051"]
[Site "LSS email"]
[Date "2016.09.27"]
[Round "?"]
[White "Pech, Jaroslav Sr"]
[Black "Barros Uriburu, Nicolas"]
[Result "1-0"]
[WhiteElo "1729"]
[BlackElo "1227"]
[PlyCount "51"]
[EventDate "2016.10.01"]
[EventType "tourn (corr)"]
[EventRounds "6"]
[EventCountry "GER"]
[SourceTitle "Corr 2022"]
[Source "ChessBase"]
[SourceDate "2021.10.24"]
[SourceVersion "1"]
[SourceVersionDate "2021.10.24"]
[SourceQuality "1"]

1. e4 c5 2. Nf3 Nc6 3. d4 cxd4 4. Nxd4 e5 5. Nb5 d6 6. c4 a6 7. N5c3 Be6 8. Be3 f5 9. exf5 Bxf5 10. Nd5 Nf6 11. Bb6 Nxd5 12. Bxd8 Ndb4 13. Bb6 Nc2+ 14. Kd2 Nxa1 15. Bd3 Be6 16. Nc3 Nb3+ 17. Qxb3 Be7 18. Nd5 Bg5+ 19. Kd1 0-0 20. Nc7 Bg4+ 21. f3 Bd7 22. Nxa8 Rxa8 23. c5+ Kf8 24. Bxh7 Nd4 25. Qg8+ Ke7 26. Qxg7+ 1-0

[Event "CP-2016-P-00051"]
[Site "LSS email"]
[Date "2016.09.27"]
[Round "?"]
[White "Shim Ng Min, Francis"]
[Black "Barros Uriburu, Nicolas"]
[Result "1-0"]
[WhiteElo "1257"]
[BlackElo "1227"]
[PlyCount "46"]
[EventDate "2016.10.01"]
[EventType "tourn (corr)"]
[EventRounds "6"]
[EventCountry "GER"]
[SourceTitle "Corr 2022"]
[Source "ChessBase"]
[SourceDate "2021.10.24"]
[SourceVersion "1"]
[SourceVersionDate "2021.10.24"]
[SourceQuality "1"]

1. e4 d6 2. d4 Nd7 3. f4 Ngf6 4. e5 dxe5 5. dxe5 Ng8 6. Bd3 e6 7. Nc3 c6 8. Be3 Bb4 9. Nge2 Ne7 10. 0-0 0-0 11. Ne4 Nf5 12. Bf2 b5 13. c3 Be7 14. Nd4 Nxd4 15. Bxd4 Qc7 16. Ng3 c5 17. Be3 c4 18. Be4 Bb7 19. Qh5 g6 20. Qh6 Rfb8 21. Bxb7 Rxb7 22. Ne4 Nxe5 23. fxe5 Qxe5 1-0

[Event "RF-2016-0-00338"]
[Site "LSS email"]
[Date "2016.09.26"]
[Round "?"]
[White "Barros Uriburu, Nicolas"]
[Black "Lenz, Juergen"]
[Result "0-1"]
[WhiteElo "1152"]
[BlackElo "1117"]
[PlyCount "72"]
[EventDate "2016.09.10"]
[EventType "tourn (corr)"]
[EventRounds "6"]
[EventCountry "GER"]
[SourceTitle "Corr 2022"]
[Source "ChessBase"]
[SourceDate "2021.10.24"]
[SourceVersion "1"]
[SourceVersionDate "2021.10.24"]
[SourceQuality "1"]

1. e4 Nf6 2. d3 d5 3. e5 Nfd7 4. f4 e6 5. Nf3 c5 6. Nc3 Nc6 7. Bd2 Rb8 8. g3 b5 9. Bg2 b4 10. Ne2 a5 11. 0-0 Qb6 12. c4 Qc7 13. cxd5 exd5 14. Ng5 h6 15. Nh3 Be7 16. Bxd5 Nb6 17. Bg2 Be6 18. Nf2 0-0 19. Ne4 Rfd8 20. Be3 Nd4 21. Rc1 Qa7 22. Nxc5 Bxc5 23. Rxc5 Nxe2+ 24. Qxe2 Qe7 25. b3 a4 26. Rb5 axb3 27. Rxb6 bxa2 28. Rxb8 Rxb8 29. Qb2 b3 30. d4 Bc4 31. Ra1 Qe6 32. h3 Bd5 33. Bf1 Qf5 34. Rxa2 Qe4 35. Ra5 Qh1+ 36. Kf2 Qh2+ 0-1

[Event "RF-2016-0-00338"]
[Site "LSS email"]
[Date "2016.09.26"]
[Round "?"]
[White "Raines, David T"]
[Black "Barros Uriburu, Nicolas"]
[Result "1-0"]
[WhiteElo "1251"]
[BlackElo "1152"]
[PlyCount "51"]
[EventDate "2016.09.10"]
[EventType "tourn (corr)"]
[EventRounds "6"]
[EventCountry "GER"]
[SourceTitle "Corr 2022"]
[Source "ChessBase"]
[SourceDate "2021.10.24"]
[SourceVersion "1"]
[SourceVersionDate "2021.10.24"]
[SourceQuality "1"]

1. d4 d6 2. Nf3 Nf6 3. Bf4 Nc6 4. e3 g6 5. h3 Bg7 6. Be2 0-0 7. 0-0 Re8 8. c4 Bd7 9. Nc3 e5 10. Bh2 exd4 11. exd4 Ne4 12. Rc1 Nxc3 13. Rxc3 Nxd4 14. Nxd4 Bxd4 15. Qxd4 Rxe2 16. Bf4 Qf8 17. Bg5 c5 18. Qf4 Bf5 19. g4 Be6 20. Bh6 Qe7 21. Rd3 Rxb2 22. Rxd6 Bxc4 23. Rfd1 Be6 24. Bg5 Qf8 25. Rd8 Rxd8 26. Rxd8 1-0

[Event "OP-2016-0-04163"]
[Site "LSS email"]
[Date "2016.09.22"]
[Round "?"]
[White "Barros Uriburu, Nicolas"]
[Black "Buecker, Juergen"]
[Result "0-1"]
[WhiteElo "1161"]
[BlackElo "2468"]
[PlyCount "50"]
[EventDate "2016.09.15"]
[EventType "tourn (corr)"]
[EventRounds "4"]
[EventCountry "GER"]
[SourceTitle "Corr 2022"]
[Source "ChessBase"]
[SourceDate "2021.10.24"]
[SourceVersion "1"]
[SourceVersionDate "2021.10.24"]
[SourceQuality "1"]

1. e4 c5 2. Nf3 d6 3. Nc3 Nc6 4. Bb5 Bd7 5. 0-0 Nf6 6. d3 e6 7. Bg5 Be7 8. Qd2 h6 9. Be3 a6 10. Bxc6 Bxc6 11. Rad1 0-0 12. Bxh6 gxh6 13. Qxh6 Nh7 14. d4 Bf6 15. d5 exd5 16. Nxd5 Re8 17. Rfe1 Bxb2 18. Rd3 Bg7 19. Qf4 Nf6 20. Nxf6+ Qxf6 21. Qxd6 Qxd6 22. Rxd6 Bxe4 23. Ng5 Bxc2 24. Rxe8+ Rxe8 25. h4 Re1+ 0-1